| Tag |
First Indicator |
Second Indicator |
Subfields |
| LEADER |
00000cam a2200000Ia 4500 |
| 001 |
in00002442425 |
| 005 |
20151110123355.0 |
| 008 |
070921s2007 inu b 010 0 eng d |
| 035 |
|
|
|a (OCoLC)ocn173228931
|
| 035 |
|
|
|a (OCoLC)173228931
|
| 040 |
|
|
|a EEM
|c EEM
|d YDXCP
|d UtOrBLW
|
| 041 |
0 |
|
|a eng
|a ita
|
| 043 |
|
|
|a e-it---
|
| 049 |
|
|
|a TXAM
|
| 050 |
|
4 |
|a PQ4004.D65
|b F74 2007
|
| 245 |
0 |
0 |
|a From paradox to parable :
|b essays in memory of Robert S. Dombroski /
|c edited by Joseph Francese.
|
| 264 |
|
1 |
|a [West Lafayette Ind.] :
|b Bordighera Press ;
|a New York, NY :
|b John D. Calandra Italian American Institute,
|c [2007]
|
| 264 |
|
4 |
|c ©2007
|
| 300 |
|
|
|a 130 pages ;
|c 23 cm.
|
| 336 |
|
|
|a text
|b txt
|2 rdacontent
|
| 337 |
|
|
|a unmediated
|b n
|2 rdamedia
|
| 338 |
|
|
|a volume
|b nc
|2 rdacarrier
|
| 490 |
1 |
|
|a Italiana,
|x 0897-2583 ;
|v 12
|
| 500 |
|
|
|a Includes three essays by Dombroski and a bibliography of his scholarly writings.
|
| 504 |
|
|
|a Includes bibliographical references.
|
| 546 |
|
|
|a Articles in English or Italian.
|
| 600 |
1 |
0 |
|a Dombroski, Robert S.
|
| 650 |
|
0 |
|a Italian literature
|x History and criticism.
|
| 651 |
|
0 |
|a Italy
|x Intellectual life.
|
| 650 |
|
0 |
|a Politics and culture
|z Italy.
|
| 700 |
1 |
|
|a Dombroski, Robert S.
|
| 700 |
1 |
|
|a Francese, Joseph.
|
| 710 |
2 |
|
|a John D. Calandra Italian-American Institute.
|
| 830 |
|
0 |
|a Italiana (West Lafayette, Ind.) ;
|v 12.
|
| 938 |
|
|
|a YBP Library Services
|b YANK
|n 2701313
|
| 948 |
|
|
|a cataloged
|b h
|c 2009/10/8
|d c
|e ceaton
|f 10:55:23 am
|
| 994 |
|
|
|a C0
|b TXA
|
| 999 |
|
|
|a MARS
|
| 999 |
f |
f |
|s 13eae999-d84d-336a-8bee-bb4acca649b3
|i a098ff1a-1026-3aa7-bfa0-89ab97ff7a83
|t 0
|
| 952 |
f |
f |
|p normal
|a Texas A&M University
|b College Station
|c Sterling C. Evans Library
|d Evans: Library Stacks
|t 0
|e PQ4004.D65 F74 2007
|h Library of Congress classification
|i unmediated -- volume
|m A14838944748
|
| 998 |
f |
f |
|a PQ4004.D65 F74 2007
|t 0
|l Evans: Library Stacks
|